| 000 | 00372nam a2200133Ia 4500 | ||
|---|---|---|---|
| 008 | 230907s9999||||xx |||||||||||||| ||und|| | ||
| 082 |
_a813.54 _bSTE |
||
| 100 |
_aSteel, Danielle. _97800 |
||
| 245 | 0 | _aFriends forever / | |
| 260 |
_aCorgi Books, _bNew York : _c2013 |
||
| 300 | _a308 p. ; | ||
| 650 |
_aFiction. English Literature Fiction. Fiction. _9115822 |
||
| 942 | _cBK | ||
| 999 |
_c599787 _d599787 |
||